000 00414cam a22001217a 4500
008 180718b1980 xxu||||| |||| 00| 0 eng d
082 _aA81x54 In2/81/9/Pap1/1981
100 _aCensus of India 1981
245 _aKarnataka: uninhabited village of Mysore
260 _aDelhi
_bThe Controller of Publications
_c1980
300 _a112+p.
440 _aCensus of India 1981. Series-9, Karnataka. Occasional Paper-1 of 1981
999 _c482763
_d482763